[Event "HUN-chT2 Erkel 1718"]
[Site "Hungary"]
[Date "2017.10.29"]
[Round "3.8"]
[White "Gaspar, Laszlo"]
[Black "Szabo, Ervin"]
[Result "1/2-1/2"]
[WhiteElo "1886"]
[BlackElo "1883"]
[PlyCount "59"]
[EventDate "2017.09.24"]
[EventType "team-tourn"]
[EventRounds "11"]
[EventCountry "HUN"]
[SourceTitle "EXT 2021"]
[Source "ChessBase"]
[SourceDate "2020.10.23"]
[SourceVersion "1"]
[SourceVersionDate "2020.10.23"]
[SourceQuality "1"]
[WhiteTeam "Sarkany DSE"]
[BlackTeam "Salgotarjan"]
[WhiteTeamCountry "HUN"]
[BlackTeamCountry "HUN"]

1. e4 e6 2. d4 d5 3. Nd2 h6 4. Ngf3 Nf6 5. e5 Nfd7 6. Bd3 c5 7. c3 Nc6 8. Bc2 g5 9. h3 b5 10. a3 a5 11. 0-0 Qb6 12. a4 b4 13. c4 cxd4 14. cxd5 Ncxe5 15. dxe6 fxe6 16. Re1 Bg7 17. Nxe5 Nxe5 18. Qh5+ Ke7 19. Bb3 Rf8 20. Nc4 Nxc4 21. Bxc4 Qc5 22. b3 Qf5 23. Qe2 Ra7 24. Bb2 Rd8 25. Bd3 Qd5 26. Rac1 Bd7 27. Bc4 Qf5 28. Bd3 Qd5 29. Bc4 Qf5 30. Bd3 1/2-1/2

[Event "Arad op"]
[Site "Arad"]
[Date "2012.07.31"]
[Round "6"]
[White "Szabo, Ervin"]
[Black "Restas, Peter"]
[Result "0-1"]
[WhiteElo "1972"]
[BlackElo "2246"]
[PlyCount "52"]
[EventDate "2012.07.27"]
[EventType "swiss"]
[EventRounds "9"]
[EventCountry "ROU"]
[SourceTitle "CBM 149 Extra"]
[Source "ChessBase"]
[SourceDate "2012.08.24"]
[SourceVersion "1"]
[SourceVersionDate "2012.08.24"]
[SourceQuality "1"]

1. d4 e6 2. e3 b6 3. Nf3 Bb7 4. Bd3 f5 5. Nbd2 Nf6 6. Qe2 Ne4 7. 0-0 Be7 8. Ne1 c5 9. f3 Nd6 10. c3 cxd4 11. exd4 0-0 12. Nc4 Nf7 13. Nc2 Qc7 14. Bd2 Nc6 15. Rfe1 Rfe8 16. Qf1 b5 17. N4e3 Bd6 18. g3 f4 19. Ng4 Ng5 20. h4 Nxf3+ 21. Qxf3 Nxd4 22. Nxd4 Bxf3 23. Nxf3 fxg3 24. Kg2 h5 25. Ne3 Qb7 26. Bf1 Bf4 0-1

[Event "Arad op"]
[Site "Arad"]
[Date "2012.07.28"]
[Round "2"]
[White "Szabo, Ervin"]
[Black "Levay, Sorin"]
[Result "1/2-1/2"]
[WhiteElo "1972"]
[BlackElo "2267"]
[PlyCount "103"]
[EventDate "2012.07.27"]
[EventType "swiss"]
[EventRounds "9"]
[EventCountry "ROU"]
[SourceTitle "CBM 149 Extra"]
[Source "ChessBase"]
[SourceDate "2012.08.24"]
[SourceVersion "1"]
[SourceVersionDate "2012.08.24"]
[SourceQuality "1"]

1. d4 d6 2. c4 e5 3. dxe5 dxe5 4. Qxd8+ Kxd8 5. Nc3 Be6 6. e3 Nd7 7. Nf3 f6 8. Be2 Ne7 9. 0-0 Nc8 10. Rd1 c6 11. b3 a5 12. Bb2 Kc7 13. Rac1 Nc5 14. Nd2 Be7 15. Nde4 Nxe4 16. Nxe4 a4 17. Nc3 axb3 18. axb3 Ba3 19. Rd2 Bxb2 20. Rxb2 Rd8 21. f3 Nb6 22. Kf2 Nd7 23. Na4 Ra5 24. e4 Nf8 25. Ke3 Bf7 26. g3 Ne6 27. f4 Nd4 28. Bd1 exf4+ 29. gxf4 g5 30. Rf2 Bg6 31. b4 Raa8 32. fxg5 fxg5 33. Rd2 Ne6 34. Rxd8 Rxd8 35. Bg4 Nf4 36. Rd1 Rxd1 37. Bxd1 Kd6 38. Bf3 Bf7 39. Kd4 Ne6+ 40. Ke3 h5 41. Nb2 c5 42. e5+ Kxe5 43. Bxb7 cxb4 44. Nd3+ Kd6 45. Nxb4 Nc5 46. Bd5 Bg6 47. Nc6 h4 48. Nd4 Ke5 49. Nf3+ Kf6 50. Kd4 Nb3+ 51. Kc3 Nc5 52. Kd4 1/2-1/2

[Event "HUN-chT2 Erkel 1112"]
[Site "Hungary"]
[Date "2012.05.20"]
[Round "11.2"]
[White "Markos, Adam"]
[Black "Szabo, Ervin"]
[Result "1/2-1/2"]
[WhiteElo "1935"]
[BlackElo "1971"]
[PlyCount "48"]
[EventDate "2011.09.25"]
[EventType "team-tourn"]
[EventRounds "11"]
[EventCountry "HUN"]
[SourceTitle "EXT 2013"]
[Source "ChessBase"]
[SourceDate "2012.11.22"]
[SourceVersion "1"]
[SourceVersionDate "2012.11.22"]
[SourceQuality "1"]
[WhiteTeam "Dunaharaszti"]
[BlackTeam "Matra"]
[WhiteTeamCountry "HUN"]
[BlackTeamCountry "HUN"]

1. e4 e6 2. d4 d5 3. exd5 exd5 4. Bd3 Bd6 5. Nc3 c6 6. Be3 Ne7 7. Qd2 Bf5 8. 0-0-0 Bxd3 9. Qxd3 Qc7 10. Kb1 Nd7 11. f4 0-0-0 12. g3 g6 13. Nf3 f6 14. Rde1 Rhe8 15. Re2 Nf8 16. Rhe1 Qd7 17. Bc1 Ng8 18. Nd1 Bb4 19. c3 Bd6 20. Nf2 Rxe2 21. Qxe2 Qf7 22. f5 g5 23. g4 h6 24. h4 Kd7 1/2-1/2

[Event "HUN-chT2 Erkel 1112"]
[Site "Hungary"]
[Date "2012.05.06"]
[Round "10.10"]
[White "Szabo, Ervin"]
[Black "Toth, Ilona"]
[Result "1-0"]
[WhiteElo "1971"]
[BlackElo "2146"]
[PlyCount "51"]
[EventDate "2011.09.25"]
[EventType "team-tourn"]
[EventRounds "11"]
[EventCountry "HUN"]
[SourceTitle "EXT 2013"]
[Source "ChessBase"]
[SourceDate "2012.11.22"]
[SourceVersion "1"]
[SourceVersionDate "2012.11.22"]
[SourceQuality "1"]
[WhiteTeam "Matra"]
[BlackTeam "Foti"]
[WhiteTeamCountry "HUN"]
[BlackTeamCountry "HUN"]

1. d4 d5 2. e3 Nf6 3. Bd3 Nbd7 4. f4 c5 5. c3 e6 6. Nd2 b6 7. Nh3 Bb7 8. Qf3 Be7 9. 0-0 Qc7 10. Nf2 a6 11. a4 Bc6 12. g4 h6 13. h3 Qb7 14. g5 hxg5 15. fxg5 Nh5 16. Ng4 0-0-0 17. Qxf7 Bxg5 18. Nf3 Bf6 19. Qxe6 Rde8 20. Qd6 Bd8 21. Nfe5 Ng3 22. Rf7 Nxe5 23. Nxe5 Rh6 24. Ng6 Bc7 25. Ne7+ Kb8 26. Nxc6+ 1-0

[Event "HUN-chT2 Maroczy 0910"]
[Site "Hungary"]
[Date "2010.04.18"]
[Round "10"]
[White "Albert, Kornelia"]
[Black "Szabo, Ervin"]
[Result "1/2-1/2"]
[WhiteElo "2133"]
[BlackElo "2020"]
[PlyCount "62"]
[EventDate "2009.11.08"]
[EventType "team-tourn"]
[EventRounds "11"]
[EventCountry "HUN"]
[SourceTitle "EXT 2011"]
[Source "ChessBase"]
[SourceDate "2010.11.26"]
[SourceVersion "1"]
[SourceVersionDate "2010.11.26"]
[SourceQuality "1"]
[WhiteTeam "MLTC II"]
[BlackTeam "Matra"]
[WhiteTeamCountry "HUN"]
[BlackTeamCountry "HUN"]

1. e4 e6 2. d4 d5 3. Nd2 a6 4. Ngf3 c5 5. dxc5 Bxc5 6. Bd3 Nc6 7. c3 Nf6 8. Qe2 Qc7 9. exd5 Nxd5 10. Ne4 Be7 11. g3 b5 12. a4 b4 13. c4 Nf6 14. b3 Bb7 15. Bb2 Rd8 16. Nxf6+ Bxf6 17. Bxf6 gxf6 18. 0-0 Nd4 19. Nxd4 Rxd4 20. f3 Ke7 21. Be4 Bxe4 22. fxe4 Qe5 23. Rf4 f5 24. Re1 fxe4 25. Rxe4 Rxe4 26. Qxe4 Qxe4 27. Rxe4 Rd8 28. Re3 Rd2 29. Rf3 f6 30. g4 e5 31. Rh3 Ke6 1/2-1/2

[Event "HUN-chT2 Maroczy 0910"]
[Site "Hungary"]
[Date "2009.12.06"]
[Round "3"]
[White "Kral, Peter"]
[Black "Szabo, Ervin"]
[Result "1-0"]
[WhiteElo "2238"]
[BlackElo "2020"]
[PlyCount "70"]
[EventDate "2009.11.08"]
[EventType "team-tourn"]
[EventRounds "11"]
[EventCountry "HUN"]
[SourceTitle "EXT 2011"]
[Source "ChessBase"]
[SourceDate "2010.11.26"]
[SourceVersion "1"]
[SourceVersionDate "2010.11.26"]
[SourceQuality "1"]
[WhiteTeam "Nyiregyhaza"]
[BlackTeam "Matra"]
[WhiteTeamCountry "HUN"]
[BlackTeamCountry "HUN"]

1. e4 e6 2. c4 d5 3. exd5 exd5 4. d4 c6 5. h3 Nf6 6. Nc3 Be6 7. c5 b6 8. cxb6 axb6 9. Nf3 Bd6 10. Bd3 h6 11. 0-0 0-0 12. Ne5 c5 13. Nb5 Be7 14. Be3 Nfd7 15. f4 Nf6 16. Qf3 Bd7 17. Nc3 Bc6 18. g4 cxd4 19. Bxd4 Ne4 20. Qe3 Nc5 21. Bc2 Qd6 22. Rfd1 Re8 23. b4 Ncd7 24. Qd3 Nf8 25. a3 Nbd7 26. Bb3 Rab8 27. Nxc6 Qxc6 28. Nxd5 Bd6 29. Qf3 Qb7 30. Kg2 Ne6 31. Be3 Bf8 32. Rd2 Qa6 33. f5 Ng5 34. Bxg5 hxg5 35. Nc7 Qc8 1-0

[Event "HUN-ch Seniors"]
[Site "Ajka"]
[Date "2009.06.22"]
[Round "1"]
[White "Szabo, Ervin"]
[Black "Hendi, Peter"]
[Result "1-0"]
[WhiteElo "2071"]
[BlackElo "1731"]
[PlyCount "45"]
[EventDate "2009.06.22"]
[EventType "swiss"]
[EventRounds "9"]
[EventCountry "HUN"]
[SourceTitle "EXT 2011"]
[Source "ChessBase"]
[SourceDate "2010.11.26"]
[SourceVersion "1"]
[SourceVersionDate "2010.11.26"]
[SourceQuality "1"]

1. d4 Nf6 2. e3 g6 3. Bd3 d5 4. Nd2 Bg7 5. Qe2 Nc6 6. c3 0-0 7. f4 e6 8. Ngf3 Ne7 9. Ne5 Nf5 10. 0-0 Nd7 11. e4 dxe4 12. Nxe4 Nxe5 13. fxe5 f6 14. exf6 Bxf6 15. Nxf6+ Qxf6 16. g4 Nxd4 17. cxd4 Qxd4+ 18. Be3 Rxf1+ 19. Rxf1 Qg7 20. Qf2 Bd7 21. Bd4 Qe7 22. Qf4 e5 23. Bc4+ 1-0